Central Library OPAC University of Rajshahi

Food chemistry / (Record no. 5421)

MARC details
000 -LEADER
fixed length control field 00974nam a2200289 a 4500
001 - CONTROL NUMBER
control field 5421
003 - CONTROL NUMBER IDENTIFIER
rucl marc code BD-RjUL
005 - DATE AND TIME OF LATEST TRANSACTION
control field 20211208234049.0
008 - FIXED-LENGTH DATA ELEMENTS--GENERAL INFORMATION
fixed length control field 131226r19701960nyua b 000 0 eng
035 ## - SYSTEM CONTROL NUMBER
System control number (BD-RjUL)5457
040 ## - CATALOGING SOURCE
Original cataloging agency DLC
Transcribing agency DLC
Modifying agency UKM
-- OCLCQ
-- MYG
-- BD-RjUL
Language of cataloging eng
041 ## - LANGUAGE CODE
Language code of text/sound track or separate title eng
082 00 - DEWEY DECIMAL CLASSIFICATION NUMBER
Classification number 641.3
Edition number 23
Author mark and year MEF 1970
100 1# - MAIN ENTRY--PERSONAL NAME
Personal name Meyer, Lillian Hoagland,
Dates associated with a name 1910-1986.
9 (RLIN) 17024
245 10 - TITLE STATEMENT
Title Food chemistry /
Statement of responsibility, etc. Lillian Hoagland Meyer.
250 ## - EDITION STATEMENT
Edition statement Modern Asia ed.
260 ## - PUBLICATION, DISTRIBUTION, ETC. (IMPRINT)
Place of publication, distribution, etc. New York :
Name of publisher, distributor, etc. Reinhold Pub. Corp.
Date of publication, distribution, etc. c1960 [Printing 1970].
300 ## - PHYSICAL DESCRIPTION
Pagination xiv, 385 p. :
Illustrations ill. ;
Size 24 cm.
490 1# - SERIES STATEMENT
Series statement Reinhold organic chemistry and biochemistry textbook series
504 ## - BIBLIOGRAPHY, ETC. NOTE
Bibliography, etc Includes bibliographical references.
650 #0 - SUBJECT ADDED ENTRY--TOPICAL TERM
Topical term or geographic name as entry element Food
General subdivision Composition.
9 (RLIN) 17025
Topical term or geographic name as entry element Food
General subdivision Analysis.
9 (RLIN) 222291
Topical term or geographic name as entry element Food technology.
9 (RLIN) 222292
830 #0 - SERIES ADDED ENTRY--UNIFORM TITLE
Uniform title Reinhold organic chemistry and biochemistry textbook series.
942 ## - ADDED ENTRY ELEMENTS (KOHA)
Source of classification or shelving scheme Dewey Decimal Classification
Koha item type Books
Holdings
Lost status Source of classification or shelving scheme Damaged status Not for loan Permanent Location Current Location Date acquired Source of acquisition Cost, normal purchase price Total Checkouts Full call number Date last seen Copy number Koha item type Collection code Shelving location
  Dewey Decimal Classification     Central Library, University of Rajshahi Central Library, University of Rajshahi 06/09/1973 Ideal lib. 31.50   641.3 MEF 1970 26/12/2013 C-3 Books    
  Dewey Decimal Classification   Not For Loan Central Library, University of Rajshahi Central Library, University of Rajshahi 30/01/1974 Provincial Book depot 25.20   641.3 MEF 1970 10/04/2017 C-1 Books Non-fiction Reading Room
  Dewey Decimal Classification     Central Library, University of Rajshahi Central Library, University of Rajshahi 31/08/1973 Provincial Book 25.20   641.3 MEF 1970 13/05/2017 C-2 Books Non-fiction